Statistiques concernant Trouver l'anime grâce à l'image

Cliquez ici pour prendre le quiz!

Statistiques générales

  • Ce quiz a été pris 172 fois
    (4 depuis la dernière actualisation)
  • Le résultat moyen est 27 sur 37

Statistiques - réponses

Réponse% Correct
Assassination classroom
100%
Attaque des titans
100%
Death Note
100%
Dragon Ball
100%
Dr Stone
100%
Fairy tail
100%
Hunter x Hunter
100%
Inazuma Eleven
100%
Jujutsu kaisen
100%
My Hero Academia
100%
Naruto
100%
One Punch Man
100%
Parasyte
100%
Tokyo Ghoul
100%
Tokyo Revengers
100%
Vinland saga
100%
Ao Ashi
67%
Berserk
67%
Black Clover
67%
Bleach
67%
Blue lock
67%
Chainsaw man
67%
Demon slayer
67%
Fire Force
67%
Fullmetal Alchemist
67%
Mashle
67%
Ranking of Kings
67%
Spy x Family
67%
Sword Art Online
67%
The Promised Neverland
67%
Your lie in april
67%
Boruto
33%
Cyberpunk Edgerunners
33%
One Piece
33%
Wakfu
33%
Haikyuu
0%
Made in Abyss
0%

Distribution des résultats

Percentile par nombre de réponses

% des personnes avec chaque résultat

Votre développement - résultats

Vous n’avez pas pris ce quiz depuis la dernière actualisation